000 00572nam a22001937a 4500
003 OSt
005 20260422072254.0
008 260422b |||||||| |||| 00| 0 eng d
020 _a971-510-024-4
040 _aDWCL Main Lib.
_cOC
082 _a268.4 F952k 1987
100 _aFuellenbanch, John SVD
245 _aThe kingdom of god
_cJohn Fuellenbanch SVD
250 _a3rd edition
260 _aManila:
_bDivine word publications ;
_cc. 1987.
300 _axvi, 168 p. ;
_c23 cm.
504 _ainclude index and source materials
942 _2ddc
_cBK-FIL
_hFil.
_n0
999 _c9712
_d9712